| 000 | 00706nam a2200217 i 4500 | ||
|---|---|---|---|
| 001 | 124504 | ||
| 003 | ES-MaACL | ||
| 005 | 20250813062621.0 | ||
| 007 | t| | ||
| 008 | 070328s1929 sp ||||1| spa d | ||
| 100 | 1 |
_aMoscheles, J. _983744 |
|
| 245 | 1 | 0 |
_aGeografía de las Islas Británicas / _cJ. Moscheles ; traducción de L. Martín Echeverría. |
| 260 |
_aBarcelona : _bLabor, _c[1929] |
||
| 300 |
_a219 p., XVI lám. y 3 map. col. : _bil. ; _c17 cm. |
||
| 490 | 1 |
_aColección Labor ; _v214 |
|
| 651 | 4 |
_aGran Bretaña- _zGeografía. _98751 |
|
| 700 | 1 |
_aMartín Echeverría, Leonardo. _977479 |
|
| 830 | 0 | 0 |
_aColección Labor _v214 _9184254 |
| 852 |
_aES-MaACL _jE-2726 |
||
| 999 |
_c124504 _d124504 |
||